01009cam a22003135a 4500999001500000001000700015003000400022005001700026008004100043010001800084020003100102035002700133035002400160035002400184039001800208040000800226050002100234082002300255100004400278245004500322260005500367300002100422440001900443504005300462600002400515600002800539942001200567952011600579 c1942d1942219902OSt20180921192131.0830524s1983 ilu b 00110 eng u a 83010793  a0877849277 (pbk.) :c$6.95 a(CStRLIN)NJPT08132107X a(CaOTULAS)108132107 a(OCoLC)ocm09647060 0 a2b3c3d3e3 cDLC00aBT306b.B77 19830 a232.95219bB8863H10aBruce, F. F.q(Frederick Fyvie),d1910-14aThe hard sayings of Jesus /cF.F. Bruce.0 aDowners Grove, Ill. :bInterVarsity Press,cc1983. a265 p. ;c21 cm. 0aJesus library. aIncludes bibliographical references and indexes.00aJesus ChristxWords00aJesus ChristxTeachings 2ddccBK 00102ddc40708NFICaHMCbHMCcGENd2018-09-21l0o232.95 B8863Hp003369r2018-09-21 00:00:00w2018-09-21yBK